| 000 | 00876cab a2200229 4500 | ||
|---|---|---|---|
| 001 | ABS51424 | ||
| 008 | 090401t1994 xxu||||| |||| 00| 0 eng d | ||
| 035 | _a(Sirsi) u26000 | ||
| 041 | _aeng | ||
| 245 | _aManagement guide to space management | ||
| 260 | _c1994 | ||
| 300 | _aLOAN | ||
| 350 | _a0 | ||
| 490 |
_aFacilities Management _vFacilities Management Guide 4 September 1994, (16) |
||
| 520 | _aThis special feature on space management includes a strategic overview of space requirements, assesses employees response to workplace space reviews, advises on working out space provisions and implementing the changes. Case studies and list of useful organisations. | ||
| 650 |
_aFACILITIES MANAGEMENT _96240 |
||
| 650 | _aSPACE MANAGEMENT | ||
| 650 | _aWORKPLACE MANAGEMENT | ||
| 690 | _aOFFICE SERVICES AND ADMINISTRATION | ||
| 942 | _n0 | ||
| 948 | _c04/03/1997 | ||
| 999 |
_c17457 _d17457 |
||